Statistiques concernant Entraîneurs en Ligue 1 (2022-2023)

Cliquez ici pour prendre le quiz!

Statistiques générales

  • Ce quiz a été pris 92 fois
    (76 depuis la dernière actualisation)
  • Le résultat moyen est 11 sur 20

Statistiques - réponses

ClubNationalitéEntraîneur% Correct
Paris Saint-GermainFrançaiseChristophe Galtier
84%
Olympique de MarseilleCroateIgor Tudor
84%
FC NantesFrançaiseAntoine Kombouaré
75%
Olympique LyonnaisNéerlandaisePeter Bosz
70%
AS MonacoBelgePhilippe Clément
67%
RC LensFrançaiseFrank Haise
62%
OGC NiceSuisseLucien Favre
62%
Stade RennaisFrançaiseBruno Génésio
61%
LOSC LillePortugaisePaulo Fonseca
61%
AJ AuxerreFrançaiseJean-Marc Furlan
59%
Stade Brestois 29Franco-ArménienneMichel Der Zakarian
57%
RC Strasbourg AlsaceFrançaiseJulien Stéphan
52%
Clermont Foot 63FrançaisePascal Gastien
51%
Stade de ReimsEspagnoleOscar Garcia
49%
Montpellier HéraultFrançaiseOlivier Dall'Oglio
48%
ESTAC TroyesFrançaiseBruno Irles
46%
FC LorientFrançaiseRégis Le Bris
46%
AC AjaccioFrançaiseOlivier Pantaloni
41%
Angers SCOFrançaiseGérald Baticle
39%
Toulouse FCFrançaisePhilippe Montanier
33%

Distribution des résultats

Percentile par nombre de réponses

% des personnes avec chaque résultat

Votre développement - résultats

Vous n’avez pas pris ce quiz depuis la dernière actualisation